Loading...

Minutes of the syndicate

Bibliografiske detaljer
Hovedforfatter: Uty of kerala
Format: Printed Book
Udgivet: TVM Uty 1979
LEADER 00279nam a22000977a 4500
100 |a Uty of kerala 
245 |a Minutes of the syndicate  
260 |a TVM  |b Uty  |c 1979 
942 |c BK 
999 |c 19324  |d 19324 
952 |0 0  |1 0  |4 0  |7 0  |9 21795  |a CAMPUS  |b CAMPUS  |d 2017-09-19  |l 0  |p Co.0040  |r 2017-09-19  |w 2017-09-19  |y BK